The nomogram; (Record no. 543654)
[ view plain ]
| 000 -LEADER | |
|---|---|
| fixed length control field | 00608cam a22001691 4500 |
| 082 ## - DEWEY DECIMAL CLASSIFICATION NUMBER | |
| Classification number | 511.5 |
| Author Mark | ALL |
| -- | L-2,p-49 |
| 100 1# - MAIN ENTRY--PERSONAL NAME | |
| Personal name | Allcock, Harold John. |
| 9 (RLIN) | 39102 |
| 245 14 - TITLE STATEMENT | |
| Title | The nomogram; |
| Remainder of title | the theory and practical construction of computation charts, |
| Statement of responsibility, etc. | by H. J. Allcock and J. Reginald Jones. Rev. by J. G. L. Michel. |
| 250 ## - EDITION STATEMENT | |
| Edition statement | 4th ed. |
| 260 ## - PUBLICATION, DISTRIBUTION, ETC. | |
| Place of publication, distribution, etc. | New York, |
| Name of publisher, distributor, etc. | Pitman Pub. Corp. |
| Date of publication, distribution, etc. | [1950] |
| 300 ## - PHYSICAL DESCRIPTION | |
| Extent | x, 238 p. |
| Other physical details | diagrs. |
| Dimensions | 23 cm. |
| 526 ## - STUDY PROGRAM INFORMATION NOTE | |
| Program name | 0 |
| Interest level | 0 |
| Reading level | 0 |
| Title point value | 511_500000000000000_ALL |
| 650 #0 - SUBJECT ADDED ENTRY--TOPICAL TERM | |
| Topical term or geographic name entry element | MCE |
| 9 (RLIN) | 379 |
| 650 #0 - SUBJECT ADDED ENTRY--TOPICAL TERM | |
| Topical term or geographic name entry element | Nomography (Mathematics) |
| 9 (RLIN) | 39066 |
| 700 1# - ADDED ENTRY--PERSONAL NAME | |
| Personal name | Jones, John Reginald. |
| 9 (RLIN) | 39103 |
| 942 ## - ADDED ENTRY ELEMENTS (KOHA) | |
| Source of classification or shelving scheme | |
| Koha item type | Book |
| Withdrawn status | Lost status | Source of classification or shelving scheme | Damaged status | Not for loan | Permanent Location | Current Location | Date acquired | Total Checkouts | Full call number | Barcode | Date last seen | Price effective from | Koha item type |
|---|---|---|---|---|---|---|---|---|---|---|---|---|---|
| Military College of Engineering (MCE) | Military College of Engineering (MCE) | 03/28/2014 | 511.5 ALL | MCE-29108 | 03/28/2014 | 03/28/2014 | Book |
